Голос в тишине (Запись № 10597509)

Подробности
000 -МАРКЕР
контрольное поле 01088nam1a2200277 i 4500
001 - ИДЕНТИФИКАТОР ЗАПИСИ
контрольное поле RU\NLR\BIBL_A\010301853
005 - ИДЕНТИФИКАТОР ВЕРСИИ
контрольное поле 20260405183109.0
035 ## - ДРУГИЕ СИСТЕМНЫЕ НОМЕРА
Идентификатор записи (NLR Aleph) 010301853
100 ## - ДАННЫЕ ОБЩЕЙ ОБРАБОТКИ
Данные общей обработки 20140326g20149999um y0rusy50 ca
101 1# - ЯЗЫК РЕСУРСА
Язык текста, звукозаписи и т.д. русский
Язык оригинала иврит
102 ## - СТРАНА ПУБЛИКАЦИИ ИЛИ ПРОИЗВОДСТВА
Страна публикации Российская Федерация
105 ## - ПОЛЕ КОДИРОВАННЫХ ДАННЫХ: ТЕКСТОВЫЕ МАТЕРИАЛЫ, МОНОГРАФИЧЕСКИЕ
Кодированные данные о монографическом текстовом документе ||||z||||||||
200 1# - ЗАГЛАВИЕ И СВЕДЕНИЯ ОБ ОТВЕТСТВЕННОСТИ
Основное заглавие Голос в тишине
Сведения, относящиеся к заглавию расказы о чудесном
-- по мотивам хасидских историй, собранных раввином Шломо-Йосефом Зевиным
Первые сведения об ответственности пер. [с иврита] и пересказ Якова Шехтера
210 ## - ПУБЛИКАЦИЯ, РАСПРОСТРАНЕНИЕ И ДР.
Место издания, распространения и т.д. Москва
Имя издателя, распространителя и т. д. Книжники
Дата издания, распространения и т.д. 2014
215 ## - ФИЗИЧЕСКАЯ ХАРАКТЕРИСТИКА
Размеры 17
225 1# - СЕРИЯ
Основное заглавие серии Рассказы о чудесном
686 1# - ИНДЕКСЫ ДРУГИХ КЛАССИФИКАЦИЙ
Индекс Ш3(0)961-67
686 1# - ИНДЕКСЫ ДРУГИХ КЛАССИФИКАЦИЙ
Индекс Ш6(5И)07-4(Лх2070)
702 #1 - ИМЯ ЛИЦА - ВТОРИЧНАЯ ОТВЕТСТВЕННОСТЬ
Код отношения Прочие
Графика поля Кириллица
Материалы, к которым относится поле rus
Начальный элемент ввода Зевин
Часть имени, кроме начального элемента ввода Ш.-Й.
Даты 1890-1978
Расширение инициалов личного имени Шломо-Йосеф
Системный номер авторитетной/нормативной записи 62681
Идентификатор авторитетной/нормативной записи RU\NLR\AUTH\7779753
702 #1 - ИМЯ ЛИЦА - ВТОРИЧНАЯ ОТВЕТСТВЕННОСТЬ
Начальный элемент ввода Шехтер
Часть имени, кроме начального элемента ввода Я.
Расширение инициалов личного имени Яков
Код отношения Переводчик
852 ## - МЕСТОНАХОЖДЕНИЕ И ШИФР ХРАНЕНИЯ
Идентификатор организации NLR
Шифр хранения (Call Number) 2014-2/1108
942 ## - ДОПОЛНИТЕЛЬНЫЕ ЭЛЕМЕНТЫ ЗАПИСИ (АБИС)
Тип экземпляра АБИС Книга

Нет доступных экземпляров.